| 000 | 00685nam a2200265Ia 4500 | ||
|---|---|---|---|
| 005 | 20250425162140.0 | ||
| 008 | 250425s9999 xx 000 0 und d | ||
| 020 | _a8489922217 | ||
| 041 | _aspa | ||
| 082 | _a663.2 | ||
| 100 | _aRUIZ HERNANDEZ, MANUEL | ||
| 245 | 0 | _aLA CATA Y EL CONOCIMIENTO DE LOS VINOS | |
| 250 | _a2A ED. | ||
| 260 |
_aEspaƱa _bA. MADRID VICENTE : MUNDI-PRENSA _c1999 |
||
| 260 | _aMADRID | ||
| 300 | _a356 | ||
| 500 | _aCONSULTAR INV.39388 EN BIBTEC. | ||
| 650 | _aBEBIDAS ALCOHOLICAS | ||
| 650 | _aCONTROL DE CALIDAD | ||
| 650 | _aEVALUACION SENSORIAL | ||
| 650 | _aINDUSTRIA DEL VINO | ||
| 650 | _aVINO | ||
| 942 | _c01 | ||
| 010 | _a52999 | ||
| 999 |
_c223305 _d223305 |
||